书目信息 |
| 题名: |
普通地理学原理
|
|
| 作者: | 卡列斯尼克 著 ;唐永鉴 译 | |
| 分册: | 中册 | |
| 出版信息: | 北京 高等教育出版社 1955 |
|
| 页数: | 227页 | |
| 开本: | 21cm | |
| 丛书名: | ||
| 单 册: | ||
| 中图分类: | K90 | |
| 科图分类: | ||
| 主题词: | 地理 | |
| 电子资源: | ||
| ISBN: | ||
| 000 | 00692nam0 2200229 450 | |
| 001 | 0639533146 | |
| 005 | 20060801110208.79 | |
| 010 | @dCNY0.95 | |
| 100 | @a20060801d1955 km y0chiy0120 ea | |
| 101 | 0 | @achi |
| 102 | @aCN@b110000 | |
| 102 | @aCN@b110000 | |
| 200 | 1 | @a普通地理学原理@Apu tong di li xue yuan li@f(苏)C·B·卡列斯尼克著@F(su)C·B·ka lie si ni ke zhu@h中册@g唐永鉴等译@Gtang yong jian deng yi |
| 210 | @a北京@c高等教育出版社@d1955 | |
| 215 | @a227页@d21cm | |
| 300 | @a高等学校教学用书 | |
| 606 | 0 | @a地理 |
| 690 | @aK90@v3 | |
| 701 | 0 | @a卡列斯尼克@Aka lie si ni ke@4著 |
| 702 | 0 | @a唐永鉴@Atang yong jian@4译 |
| 801 | 0 | @aCN@bPFT@c20060801 |
| 905 | @a10447@dK90@e119:2 | |
| 普通地理学原理/(苏)C·B·卡列斯尼克著.中册/唐永鉴等译.-北京:高等教育出版社,1955 |
| 227页;21cm |
| 高等学校教学用书 |
| ISBN :CNY0.95 |
| ● |
| 相关链接 |
|
|
|
|
正题名:普通地理学原理
索取号:K90/119:2
 
预约/预借
| 序号 | 登录号 | 条形码 | 馆藏地/架位号 | 状态 | 备注 |
| 1 | 0444086 | 204440863 | 密集书库/ [索取号:K90/119:2] | 在馆 |